Los catalanes en el siglo XIX / (Record no. 142812)

MARC details
000 -LEADER
campo de control de longitud fija 00988nam a2200277 i 4500
001 - NÚMERO DE CONTROL
campo de control 142812
003 - IDENTIFICADOR DE NÚMERO DE CONTROL
campo de control ES-MaACL
005 - FECHA Y HORA DE LA ÚLTIMA TRANSACCIÓN
campo de control 20250925063044.0
007 - CAMPO FIJO DE DESCRIPCIÓN FÍSICA--INFORMACIÓN GENERAL
campo de control de longitud fija t|
008 - DATOS DE LONGITUD FIJA--INFORMACIÓN GENERAL
campo de control de longitud fija 071010s1986 sp ||||1|cspa d
020 ## - NÚMERO INTERNACIONAL ESTÁNDAR DEL LIBRO
Número Internacional Estándar del Libro 84-206-4503-6
080 ## - NÚMERO DE LA CLASIFICACIÓN DECIMAL UNIVERSAL
Número de la Clasificación Decimal Universal 946.71"18"
080 ## - NÚMERO DE LA CLASIFICACIÓN DECIMAL UNIVERSAL
Número de la Clasificación Decimal Universal 929(460.23)"18"
100 1# - ENTRADA PRINCIPAL--NOMBRE DE PERSONA
Nombre de persona Vicens Vives, Jaime,
Fechas asociadas al nombre 1910-1960
9 (RLIN) 114319
245 14 - MENCIÓN DEL TÍTULO
Título Los catalanes en el siglo XIX /
Mención de responsabilidad, etc. Jaume Vicens Vives ; prólogo de E. Giralt i Raventós ; traductor, Enric Borrás i Cubells.
260 ## - PUBLICACIÓN, DISTRIBUCIÓN, ETC.
Lugar de publicación, distribución, etc. Madrid :
Nombre del editor, distribuidor, etc. Alianza ;
Lugar de publicación, distribución, etc. Barcelona :
Nombre del editor, distribuidor, etc. Enciclopèdia Catalana,
Fecha de publicación, distribución, etc. [1986]
300 ## - DESCRIPCIÓN FÍSICA
Extensión IX, 269 p. ;
Dimensiones 21 cm.
490 1# - MENCIÓN DE SERIE
Mención de serie Biblioteca de cultura catalana
650 #4 - PUNTO DE ACCESO ADICIONAL DE MATERIA--TÉRMINO DE MATERIA
Término de materia o nombre geográfico como elemento de entrada Catalanes-
Subdivisión cronológica S.XIX-
Subdivisión de forma Biografías.
9 (RLIN) 152433
651 #4 - PUNTO DE ACCESO ADICIONAL DE MATERIA--NOMBRE GEOGRÁFICO
Nombre geográfico Cataluña-
Subdivisión general Historia-
Subdivisión cronológica S.XIX.
9 (RLIN) 8019
700 1# - ENTRADA AGREGADA--NOMBRE PERSONAL
Nombre de persona Giralt i Raventós, Emili.
9 (RLIN) 57202
700 1# - ENTRADA AGREGADA--NOMBRE PERSONAL
Nombre de persona Borrás Cubells, Enric.
9 (RLIN) 30558
830 0# - PUNTO DE ACCESO ADICIONAL DE SERIE-TÍTULO UNIFORME
Título uniforme Biblioteca de cultura catalana
9 (RLIN) 178600
852 ## - LOCALIZACIÓN
Ubicación ES-MaACL
Número de control de estantería L-11831
Holdings
Estatus retirado Estado de pérdida Estado de daño No para préstamo Biblioteca de origen Biblioteca actual Ubicación en estantería Fecha de adquisición Fuente de adquisición Total de préstamos Signatura topográfica completa Código de barras Visto por última vez Precio de reemplazo Tipo de ítem Koha
        Biblioteca del Ateneo de Madrid Biblioteca del Ateneo de Madrid Depósito 2 17/01/2008     L-11831 1148592 23/02/2023 23/02/2023 Libro impreso